Statystyki dla Piłkarska kariera Gheorghe Hagiego.

Kliknij tutaj aby rozwiązać quiz!

Ogólne statystyki

  • Ten quiz został rozwiązany 26 razy
  • Średni wynik to 2 z 7

Statystyki odpowiedzi

LataDrużyna% Poprawnych
1994-1996Barcelona
70%
1990-1992Real Madryt
65%
1986-1990Steaua Bukareszt
48%
1996-2001Galatasaray
39%
1992-1994Brescia
9%
1982-1983Farul Constanta
0%
1983-1986Sportul
0%

Rozkład punktacji

Percentyl według liczby udzielonych odpowiedzi

Procent ludzi z każdym wynikiem

Twoja historia wyników

Nie rozwiązałeś tego quizu